000 00570nam a2200193Ia 4500
003 GCL
008 140319s9999 xx 000 0 ara d
040 _aGCL /
_cGCL
082 0 4 _a808.3
_bث ك
100 1 _aمانع حماد الجهنى
245 1 0 _aكتابة القصة القصيرة /
_cمانع حماد الجهنى
700 1 _aثورنلى،ولسن
260 _aالرياض :
_bالناشر للطباعة والنشر والتوزيع ،
_c1992
300 _a336 ص
490 _a
650 0 4 _aنقد
650 0 4 _aالقصة
942 _2ddc
_cBK
999 _c41238
_d41238